000 00664nam a2200241Ia 4500
005 20260121112104.0
008 3217 260114s9999 xx 000 0 eng d
020 _a9789811218040
037 _aEBOOK
040 _aCRL
_beng
_cCRL
041 _aeng
_2eng
084 _qCRL
100 _aRowley Anthony
_9952057
245 0 _aFoundations of the Future: the Global Battle for Infrastructure
260 _bWorld Scientific
260 _bWSPC
260 _c2020
650 _aEconomics & Finance
_9952058
856 _uhttps://www.worldscientific.com/worldscibooks/10.1142/11765#t=toc
942 _cEBOOK
999 _c1540517
_d1540517